| 000 | 00819nam a22002537a 4500 | ||
|---|---|---|---|
| 001 | 12787 | ||
| 003 | HDC | ||
| 007 | cr bn --- | ||
| 008 | 210211 my |0 eneng | ||
| 040 | _aHDC | ||
| 100 |
_aRaghavan,V _eauthor _913626 |
||
| 245 | 0 |
_aTowards Management of Food Safety / _cby Raghavan V |
|
| 260 |
_a[no place] : _b[publisher not identified], _c[no year] |
||
| 300 | _a6 pages | ||
| 336 |
_atext _2rdacontent |
||
| 337 |
_acomputer _2rdamedia |
||
| 338 |
_aonline resource _2rdacarrier |
||
| 650 |
_aanimal welfare _9115 |
||
| 650 |
_aFood safety _9504 |
||
| 856 | _zRequest full-text at [email protected] | ||
| 942 | _2lcc | ||
| 942 | _cEBOOK | ||
| 942 | _kEBOOK 002013 | ||
| 999 |
_c10110 _d10110 |
||